zpět

Detail výsledku týmu

U Pošty - Vinohrady ČT, Praha

Datum a čas kvízu

32 Celkem bodů Celkový počet nahraných bodů na tomto kvízu bez doplňovacích otázek.
7. Pořadí na kvízu Konečné umístění týmu na tomto kvízu.

Zaznamenané odpovědi

# Otázka Odpověď Body Výsledky
1. K razantnímu kroku přistoupila... tepláky a crop topy (krátká trika) 1
2. Donald Trump a technika se na... eskalátor 1
3. Menší studio Voodoo Kollektiv... Jiří Kára 1
4. Ve které evropské zemi nově po... v Itálii 0
5. Jak se jmenuje nový držitel pr... Ousmane Dembélé 0
6. Gesto, které vidíme na obrázku... 1B 2D 3C 4A 0
7. Gesto na obrázku znamená v mno... o stoletou válku 0
8. Sheldon Cooper v Teorii velkéh... papír a tapír (ještěr) 0.5
9. Která dvě písmena české dvouru... B, N 0.5
10. Na výřezu z obrazu francouzské... paroháč (že je mu žena nevěrná) 1